Statistics for Bottom 17 GDP countries!

Click here to take the quiz!

General Stats

  • This quiz has been taken 13 times
  • The average score is 13 of 17

Answer Stats

What continent or Reigon its fromAnswerGDP% Correct
CaribbeanDominica497 Million
100%
OceaniaPalau290 Million
91%
OceaniaSolomon Islands1.3 Billion
91%
OceaniaTuvalu40 Million
91%
OceaniaMarshall Islands204 Million
82%
OceaniaMicronesia336 Million
82%
CaribbeanSaint Kitts and Nevis992 Million
82%
OceaniaSamoa841 Million
82%
CaribbeanSt. Vincent and The Grenadines785 Million
82%
AfricaThe Gambia1.49 Billion
82%
OceaniaTonga428 Million
82%
AfricaComoros1.07 Billion
73%
OceaniaKiribati186 Million
73%
AfricaSao Tome and Principe393 million
73%
OceaniaVanuatu863 Million
73%
AfricaGuinea Bissau1.35 Billion
45%
CaribbeanGreneda1.13 Billion
9%

Score Distribution

Percentile by Number Answered

Percent of People with Each Score

Your Score History

You have not taken this quiz